| 000 | 02361cam a2200325 a 4500 | ||
|---|---|---|---|
| 001 | 14584335 | ||
| 005 | 20071120092642.0 | ||
| 008 | 061005s2007 enk |rb 001 0 eng | ||
| 010 | _a 2006032260 | ||
| 020 | _a9780754637059 | ||
| 040 |
_aDLC _cDLC _dDLC |
||
| 043 | _ae-uk--- | ||
| 050 | 0 | 0 |
_aJS3025 _b.C67 2007 |
| 082 | 0 | 0 |
_a364.13230941 _222 _bCOR |
| 245 | 0 | 0 |
_aCorruption in Urban Politics and Society, Britain 1780-1950 / _cEdited by James Moore and John Smith. |
| 260 |
_aAldershot, Hampshire, England ; _aBurlington, VT : _bAshgate, 2007 _cc2007. |
||
| 300 |
_aviii, 181 p. ; _c24 cm. |
||
| 490 | 0 |
_aHistorical Urban Studies _914421 |
|
| 504 | _aIncludes bibliographical references and index. | ||
| 505 | 0 | _aCorruption and urban governance -- Locating corruption: language and the respectable -- Corruption: a tentative overview / John Garrard -- Corrupt and corporate bodies: attitudes to corruption in eighteenth-century and early nineteenth-century towns / Rosemary Sweet -- Getting away with it?: corruption, scandal and the respectable 1830-1945 / Sarah Wilson -- Managing corruption: attitudes and ethics -- Corruption and scandal in the port of Liverpool / Adrian Jarvis -- Municipal corruption and political partisanship in Manchester / James Moore -- "Certified correct" : the great Wolverhampton Council fraud / John Smith -- "The dramas of local government: public service and personal ethics -- In Winifred Holtby's South Riding" / Clare Griffiths -- "Rotten boroughs: the crisis of urban policing and the decline in municipal independence, 1914-1964" / Chris Williams. | |
| 650 | 0 |
_aMunicipal government _xCorrupt practices _zGreat Britain _xHistory. _914415 |
|
| 650 | 0 |
_aLocal government _xCorrupt practices _zGreat Britain _xHistory. _914416 |
|
| 650 | 0 |
_aPolitical corruption _zGreat Britain _xHistory. _914417 |
|
| 700 | 1 |
_aMoore, James R., _d1972- _914418 |
|
| 700 | 1 |
_aSmith, John, _d1973- _914419 |
|
| 856 | 4 | 1 |
_3Table of contents only _uhttp://www.loc.gov/catdir/toc/ecip072/2006032260.html |
| 942 |
_2ddc _cBB |
||
| 999 |
_c14030 _d14030 |
||